Masonry crack damage : its origins, diagnosis, philosphy and a basis for repair (Record no. 63223)

MARC details
000 -LEADER
fixed length control field 01058cam a2200277 4500
001 - CONTROL NUMBER
control field ABS62140
008 - FIXED-LENGTH DATA ELEMENTS--GENERAL INFORMATION
fixed length control field 000000n2000 000 0 eng u
035 ## - SYSTEM CONTROL NUMBER
System control number (Sirsi) u105518
100 ## - MAIN ENTRY--PERSONAL NAME
Personal name Cook, D.A.
245 ## - TITLE STATEMENT
Title Masonry crack damage : its origins, diagnosis, philosphy and a basis for repair
260 ## - PUBLICATION, DISTRIBUTION, ETC.
Date of publication, distribution, etc. 2000
490 ## - SERIES STATEMENT
Series statement Proceedings of the Institution of Civil Engineers : Structures and Buildings
Volume/sequential designation February 2000, 39-50(12)
520 ## - SUMMARY, ETC.
Summary, etc. Considers the repair of brickwork and masonry walls that have cracked as a result of ground movement and concludes that localised reinforcement can significantly increase their tolerance to foundation movement.
590 ## - LOCAL NOTE (RLIN)
Local note ABS
650 ## - SUBJECT ADDED ENTRY--TOPICAL TERM
Topical term or geographic name entry element BRICKWORK
650 ## - SUBJECT ADDED ENTRY--TOPICAL TERM
Topical term or geographic name entry element MASONRY
650 ## - SUBJECT ADDED ENTRY--TOPICAL TERM
Topical term or geographic name entry element BUILT ENVIRONMENT-BUILDING ELEMENTS-COMPLETE BUILDING ELEMENTS-WALLS
650 ## - SUBJECT ADDED ENTRY--TOPICAL TERM
Topical term or geographic name entry element GROUND MOVEMENT
650 ## - SUBJECT ADDED ENTRY--TOPICAL TERM
Topical term or geographic name entry element SUBSIDENCE
650 ## - SUBJECT ADDED ENTRY--TOPICAL TERM
Topical term or geographic name entry element REINFORCEMENT
690 ## - LOCAL SUBJECT ADDED ENTRY--TOPICAL TERM (OCLC, RLIN)
Topical term or geographic name as entry element BUILDING AND CONSTRUCTION-DEFECTS AND FAILURES
700 ## - ADDED ENTRY--PERSONAL NAME
Personal name Ledbetter, S.
700 ## - ADDED ENTRY--PERSONAL NAME
Personal name Ring, S.
700 ## - ADDED ENTRY--PERSONAL NAME
Personal name Wenzel, F.
942 ## - ADDED ENTRY ELEMENTS (KOHA)
Suppress in OPAC 0
Holdings
Withdrawn status Lost status Source of classification or shelving scheme Damaged status Not for loan Home library Current library Shelving location Date acquired Total Checkouts Full call number Barcode Date last seen Copy number Price effective from Koha item type
    Dewey Decimal Classification     London London Journal article 20/04/2000   ABS62140 105518-1001 06/08/2019 1 06/08/2019 Journal article